Misteri kembar siam

Bibliographic Details
Main Author: Badrul Hisham
Corporate Author: Title
Format: Book
Published: Kuala Lumpur : Penerbitan Fargoes , 2001
Series:Siri 3 penyiasat
Subjects:

MARC

LEADER 00000cam a2200000 7i4500
001 0000053365
005 20151222.0
008 151021
020 |a 9831513835 
090 0 0 |a AD   |b MAL 
100 0 |a Badrul Hisham 
245 1 0 |a Misteri kembar siam   |c Badrul Hisham 
260 |a Kuala Lumpur :   |b Penerbitan Fargoes ,   |c 2001 
440 |a Siri 3 penyiasat 
500 |a Children ages 7-9 years old (orange) 
650 0 |a Adventure 
650 0 |a Junior fiction   |x Malay   |x Languages 
710 0 |a Title 
999 |a 0000867384   |b Book   |c Children Collection   |e Cawangan Segamat 
999 |a 0000867385   |b Book   |c Children Collection   |e Cawangan Segamat 
999 |a 0000881824   |b Book   |c Children Collection   |e Cawangan Bandar Penawar 
999 |a 0000881825   |b Book   |c Children Collection   |e Cawangan Taman Universiti 
999 |a 0000881826   |b Book   |c Children Collection   |e Cawangan Pontian 
999 |a 0000881827   |b Book   |c Children Collection   |e Cawangan Segamat 
999 |a 0000881833   |b Book   |c Children Collection   |e Cawangan Muar 
999 |a 0000881834   |b Book   |c Children Collection   |e Cawangan Bandar Penawar